Competencies : a self-study guide to teaching competencies in early childhood education
| Main Author: | |
|---|---|
| Format: | Book |
| Published: |
Atlanta :
Humanics Limited ,
1990
|
| Subjects: |
MARC
| LEADER | 00000cam a2200000 7i4500 | ||
|---|---|---|---|
| 001 | 0000007867 | ||
| 005 | 20011029.0 | ||
| 020 | |a 0893341029 | ||
| 090 | 0 | 0 | |a 372.21 |b KAS |
| 100 | 1 | |a Kasindorf, Mary Eitingon | |
| 245 | 1 | 0 | |a Competencies : |b a self-study guide to teaching competencies in early childhood education |
| 260 | |a Atlanta : |b Humanics Limited , |c 1990 | ||
| 300 | |a 101p. ; |c 28cm. | ||
| 650 | 0 | 0 | |a Early childhood education |
| 999 | |a 052886 |b BUKU |c PINJAMAN |e PERPUSTAKAAN KOMUNITI PETALING JAYA | ||